000 00601nam a2200217 a 4500
999 _c2714
_d2714
001 2714
003 BD-JhCC
005 20171106121325.0
008 171106s1961 bg |||| ||a| 000 0 ben d
035 _a(BD-JhCC)2714
040 _aBD-JhCC
_dBD-JhCC
041 _aben
082 _a891.443
_bKAR 1961
100 _aকরীম, রশীদ
245 _aউত্তম পুরুষ /
_cরশীদ করীম
260 _aঢাকা :
_bআনিস ব্রাদার্স,
_c1961.
300 _a217 p. :
_c21 cm.
650 _aBengali Novel
942 _2ddc
_cBK